| 000 | 00786nam a22001815i 4500 | ||
|---|---|---|---|
| 001 | 165060 | ||
| 003 | ES-MaACL | ||
| 005 | 20230906213047.0 | ||
| 008 | 050809s1856 fr | |||||||| ||fre d | ||
| 100 | 1 |
_aScribe, Eugène. _9104966 |
|
| 245 | 1 | 0 |
_aManon Lescaut : _bopéra-comique en trois actes / _cparoles de Eugène Scribe ; musique de M. Auber. |
| 260 |
_aParis : _bMichel Lévy Frères, _c1856 ( _fImp. de Vialat et C.) |
||
| 300 |
_a88 p. ; _c19 cm. |
||
| 500 | _aRepésenté pour la première fois, à Paris, sur le théatre impérial de l'Opéra-Comique, le 23 février 1856. | ||
| 650 | 4 |
_aÓperas- _vLibretos. _9137584 |
|
| 700 | 1 |
_aAuber, Daniel-François-Esprit. _923789 |
|
| 852 | 4 |
_aES-MaACL _jT-728-F-1 _z- Enc. hol., falto de cub. original _z- Enc. en un vol. facticio |
|
| 999 |
_c165060 _d165060 |
||